General index of conference board publications (Record no. 480842)

000 -LEADER
fixed length control field 00428cam a22001217a 4500
008 - FIXED-LENGTH DATA ELEMENTS--GENERAL INFORMATION
fixed length control field 180718b1961 xxu||||| |||| 00| 0 eng d
082 ## - DEWEY DECIMAL CLASSIFICATION NUMBER
Classification number A2:T1084 N213i
245 ## - TITLE STATEMENT
Title General index of conference board publications
Statement of responsibility, etc. by National Industrial Conference Board
260 ## - PUBLICATION, DISTRIBUTION, ETC.
Place of publication, distribution, etc. New York
Name of publisher, distributor, etc. National Industrial Conference Board
Date of publication, distribution, etc. 1961
300 ## - PHYSICAL DESCRIPTION
Extent 31p.
650 ## - SUBJECT ADDED ENTRY--TOPICAL TERM
Topical term or geographic name entry element Economics - Bibliography
700 ## - ADDED ENTRY--PERSONAL NAME
Personal name National Industrial Conference Board
Holdings
Withdrawn status Lost status Damaged status Not for loan Permanent Location Current Location Date acquired Full call number Barcode Date last seen Price effective from Koha item type
        Indian Institute of Public Administration Indian Institute of Public Administration 2018-08-04 A2:T1084 N213i GR5089 2018-08-04 2018-08-04 GR

Powered by Koha